01095cam a22003015a 45000010009000000050017000090080041000260200031000670200028000980400064001260820022001901000038002122450045002502500012002952600057003073000036003644900034004005000024004345040031004586500035004896510010005246530020005346550024005548300054005789420008006329990017006409520136006571463330320150527121059.0061114t2007 flua frb 001 0 eng d a9781574446401 (alk. paper) a1574446401 (alk. paper) aDLCcDLCdBAKERdBTCTAdC#PdYDXCPdUKMdIXAdDLCdEG-ScBUE00a621.4023222bKEA1 aKeating, Eugene L.,d1944-93809510aApplied combustion /cEugene L. Keating. a2nd ed. aBoca Raton :bCRC Press / Taylor & Francis,cc.2007. axviii, 657 p. :bill. ;c26 cm.1 aMechanical engineering ;v206 aIndex : p. 651-657. aBibliography : p. 631-649. 0aCombustion engineering.2BUEsh 2BUEsh bENGGENcMay2015 vreading book934232 0aMechanical engineering (Taylor & Francis) ;v206. 2ddc c19461d19433 00102ddc40708BaccahaMAINbMAINc1STd2015-05-27epurchaseg790.00l0o621.4023 KEAp000038342r2025-07-15 00:00:00v987.50yBB